| 000 | 01201 a2200193 4500 | ||
|---|---|---|---|
| 003 | Nust | ||
| 005 | 20220818100522.0 | ||
| 010 | _a 88062185 | ||
| 020 | _a0880223960: | ||
| 040 | _cNust | ||
| 082 | 0 | 0 | _a005.262,YES |
| 100 | 1 |
_aYester, Michael. _997919 |
|
| 245 | 1 | 0 |
_aUsing Turbo Pascal / _cMichael Yester. |
| 260 |
_aCarmel, IN : _bQue Corp., _cc1989. |
||
| 300 |
_axxii, 724 p. : _bill. ; _c24 cm. |
||
| 505 | _aGetting statrted with turbo pascal (Page-7), The structure of a turbo pascal program (Page-31), Data and data types (Page-57), Expressions operands (Page-97), Procedures and functions (Page-97), Dynamic data structures (Page-133), Units (Page-168), Debugging your programs (Page-195), Keyboard input (Page-219), Text display (Page-249), Graphics display (Page-277), Accessing DOS (Page-353), File handling (Page-383), Directory handling (Page-429), Overlays (Page-459), BIOS, DOS, Assembly Language (Page-477), The 808 and External devices (Page-509), Interrupt service routines (Page-541), Memory-Resident Programs (Page-557), Object Oriented Programming (Page-573). | ||
| 650 | 0 |
_aPascal (Computer program language) _914014 |
|
| 942 |
_cREF _2ddc _k005.262,YES |
||
| 999 |
_c175167 _d175167 |
||